[Event "Corus"]
[Site "Wijk aan Zee"]
[Date "2007.01.15"]
[Round "3"]
[White "Van Wely, Loek"]
[Black "Motylev, Alexander"]
[Result "1/2-1/2"]
[WhiteElo "2683"]
[BlackElo "2647"]
[Annotator "Marin,M"]
[PlyCount "106"]
[EventDate "2007.01.13"]
[EventType "tourn"]
[EventRounds "13"]
[EventCountry "NED"]
[EventCategory "19"]
[SourceTitle "CBM 117"]
[Source "ChessBase"]
[SourceDate "2007.03.30"]
[SourceVersion "1"]
[SourceVersionDate "2007.03.30"]
[SourceQuality "1"]

1. c4 e5 2. g3 Nf6 3. Bg2 d5 4. cxd5 Nxd5 5. Nc3 Nb6 6. Nf3 Nc6 7. O-O Be7 8.
a3 Be6 9. d3 f5 $5 {This aggresive advance of the f-pawn is hardly popular
nowadays.} 10. b4 Bf6 {But this seems to be premature already. Black should
not obstruct the f-file so soon.} (10... O-O {would have transposed to an old
main line after} 11. Bb2 Bf6 12. Nd2) 11. e4 $1 O-O ({The deffects of Black's
previous move can be seen after the generally desirable} 11... f4 {when White
can react with} 12. gxf4 exf4 13. e5) 12. exf5 Bxf5 {White obtained the
e4-square for his minor pieces - one of a Sicilian adherent's most ambitious
dreams...} 13. Ne4 ({Equally logical is} 13. Qb3+ Kh8 14. Ne4 Bg4 15. Bb2 Bxf3
$6 16. Bxf3 Be7 17. Bg2 Nd4 18. Bxd4 Qxd4 19. Rac1 c6 20. Nc5 Rfb8 21. Be4 $16
{with a dream position for White in Adorjan,A (2545)-Fedorowicz,J (2435)/New
York 1981/MCD (1-0, 33)}) 13... Kh8 (13... Bxe4 14. dxe4 Qxd1 15. Rxd1 Rfd8 16.
Re1 Nd4 17. Nxd4 Rxd4 18. Be3 Rd6 19. Rec1 c6 20. a4 $16 {Sunye Neto,J (2475)
-Van Riemsdijk,H (2375)/Brasilia 1982/EXT 2002 (1-0, 40)}) 14. b5 Bxe4 {
A highly committal decision, but the alternatives were not very promissing
either.} (14... Nd4 15. Nxd4 Qxd4 (15... exd4 16. Nc5 {[%csl Gb7]}) 16. Be3 Qd8
17. Nxf6 Qxf6 18. Bxb7 $16) (14... Na5 15. Re1 Qd7 16. Nxf6 gxf6 17. d4 $36)
15. dxe4 Nd4 16. Nxd4 exd4 17. e5 Bxe5 18. Bxb7 Rb8 19. Be4 $14 {White's pair
of bishops and the excellent control of the light squares offer him the better
chances. Black's possibility of installing the knight on c3 does not promisse
much.} Nd5 20. Qd3 g6 21. Bh6 Re8 22. Rfe1 Qd6 23. Qc4 Nc3 24. Bc6 Red8 25. Kg2
$2 (25. f4 $1 Bg7 (25... Bf6 26. Re6 $18) 26. Bxg7+ Kxg7 27. Re6 Qf8 28. Rae1
$40) 25... d3 $132 26. Bf4 Ne2 27. Be3 Bd4 28. Qxd3 Bxa1 29. Qxd6 Rxd6 30. Rxe2
a6 31. Bf4 axb5 32. Bxd6 cxd6 33. Rd2 Rb6 34. Rxd6 Bb2 35. a4 bxa4 36. Rd8+ Kg7
37. Rd7+ Kh8 38. Bxa4 Rb4 39. Bc6 Bd4 40. h4 Bc5 41. Rf7 Rd4 42. Kh3 Kg8 43.
Rc7 Rd6 44. Bb5 Bxf2 45. Bc4+ Kh8 46. Rc8+ Kg7 47. Rc7+ Kh8 48. Rc8+ Kg7 49.
Rg8+ Kh6 50. g4 Be3 51. g5+ Bxg5 52. hxg5+ Kxg5 53. Rg7 Rc6 1/2-1/2

[Event "Tata Steel-A 74th"]
[Site "Wijk aan Zee"]
[Date "2012.01.14"]
[Round "1"]
[White "Navara, David"]
[Black "Topalov, Veselin"]
[Result "1/2-1/2"]
[WhiteElo "2712"]
[BlackElo "2770"]
[Annotator "Marin,M"]
[PlyCount "62"]
[EventDate "2012.01.14"]
[EventType "tourn"]
[EventRounds "13"]
[EventCountry "NED"]
[EventCategory "21"]
[SourceTitle "CBM 147"]
[Source "ChessBase"]
[SourceDate "2012.03.16"]
[SourceVersion "1"]
[SourceVersionDate "2012.03.16"]
[SourceQuality "1"]

1. c4 e5 2. g3 Nf6 3. Bg2 d5 4. cxd5 Nxd5 5. Nc3 Nb6 6. Nf3 Nc6 7. O-O Be7 8.
a3 O-O 9. b4 Be6 10. Rb1 f6 11. d3 Nd4 12. Nxd4 {This kind of exchange is not
too popular in the reversed Dragon English.} (12. Nd2 {is the main line, as,
for instance, Aronian,L (2739)-Topalov,V (2780)/Morelia/Linares 2008/CBM 123/
[Marin,M] (1-0, 65)}) 12... exd4 13. Ne4 {Strategically, White's position
looks very pleasant, but in the presence of queens Black has chances for a
kingside attack.} Bd5 {Black's highest priority is to neutralise the English
bishop.} ({Not even attacking the rook in the hope of forcing it into a worse
position is allowed:} 13... Ba2 14. Nc5 $1 Bxb1 {In for a penny...} 15. Qb3+ {
Black's light squares are very weak now.} Kh8 (15... Rf7 16. Nxb7 Qe8 17. Na5
Bxd3 18. exd3 Rd8 19. Nc6 Rd6 20. b5 Bf8 21. a4 $16 {Miezis,N (2516)-Agopov,M 
(2376)/Oslo 2003/EXT 2004 (1-0, 28). White threatens a4-a5 followed by Bd5.
Besides, the a7-pawn is doomed.}) 16. Ne6 Qd7 17. Nxf8 Rxf8 18. Bxb7 $1 (18.
Qxb1 c6 $14) 18... Qa4 19. Qxb1 c6 20. Qa2 Bxb4 21. Qe6 Bxa3 22. Bxc6 Qb4 23.
Be4 $16 {Thorfinnsson,B (2412)-Motylev,A (2690)/Rogaska Slatina 2011/CBM 145 
(1/2, 48)}) 14. Bb2 (14. e3 $5 {is an interesting attempt to annihilate
Black's space advantage in the centre.} a5 {A principled reaction.} (14... dxe3
{offers White chances to retain some pressure:} 15. Bxe3 f5 16. Nc5 Bxg2 17.
Kxg2 Qd5+ 18. Qf3) 15. bxa5 Rxa5 16. exd4 f5 17. Qe1 Ra8 ({Since the rook will
later have to defend the b7-pawn,} 17... Ra7 $5 {deserves attention.}) 18. Nc5
Bxg2 19. Kxg2 Qd5+ 20. Kg1 Rfe8 (20... Bxc5 21. dxc5 Qxc5 22. Qe6+ Rf7 23. Re1
$14 {Black has some problems of coordination and the bishop is likely to
become a monster along the long diagonal.}) 21. Qe6+ Qxe6 22. Nxe6 Bd6 23. Nc5
Ra7 24. Rb5 $14 {White has maintained his extra pawn (not a very impressive
one for the time being, but at least it inhibits ...Bxc5) and some pressure.}
g6 25. Be3 $6 {Allowing a simplifying operation.} (25. Kg2 $5 $14 {[%cal Gh2h4,
Gc1b2]}) 25... Nd5 26. Nxb7 Nxe3 27. Nxd6 cxd6 28. Re1 Rxa3 29. Rxe3 Rxe3 30.
fxe3 Rxd3 31. Rd5 {1/2 Hracek,Z (2628)-Karjakin,S (2763)/Porto Carras 2011/CBM
146}) 14... f5 15. Nd2 Bxg2 ({In principle, Black should not let his queen be
decoyed to d5, since it will become vulnerable either to the exchange with Qb3
or to rook attacks with Rc1-c5.} 15... Bf6 16. Bxd5+ Qxd5 17. Rc1 Rf7 18. Rc5
$36 {Timman,J (2630)-Bareev,E (2680)/Tilburg 1991/CBM 026/[Ribli] (1-0, 39)})
16. Kxg2 Kh8 (16... Qd5+ 17. Kg1 {is likely to transpose above.}) 17. Nf3 Bf6
18. Qc2 $146 {Navara hopes to improve over a previous game of his.} ({In the
following old game, Black misplayed his attack badly:} 18. Rc1 Qd7 19. Qb3 Rae8
20. Rc2 f4 (20... g5 $5 {Azmaiparashvili}) 21. b5 fxg3 $6 (21... Nd5 $5 {
Azmaiparashvili}) (21... g5 $5) 22. hxg3 $1 {[%csl Gh8][%cal Gf1h1]} Nd5 23.
Rh1 $14 c6 24. bxc6 bxc6 25. Bxd4 Qf7 $6 (25... Nf4+ $5 {Azmaiparashvili}) 26.
Qc4 Re6 27. Bxf6 Qxf6 28. Qh4 $18 {Azmaiparashvili,Z (2575)-Chandler,M (2585)/
London 1989/TD (1-0, 41)}) ({Navara's previous game went:} 18. a4 {Slightly
premature judging from Black's answer.} a5 19. b5 Re8 20. Re1 c5 21. bxc6 bxc6
22. e3 dxe3 23. Bxf6 gxf6 24. fxe3 {Black's kingside structure has been
spoiled, but White's central pawns are vulnerable, too.} Nd5 25. Qd2 Nb4 26.
Rbd1 Ra7 27. Nh4 Qd5+ 28. e4 fxe4 29. dxe4 Rxe4 30. Qxd5 cxd5 31. Rxe4 dxe4 32.
Rd4 Rc7 (32... Re7 $2 33. Rd8+ Kg7 34. Nf5+) 33. Nf5 Rc2+ 34. Kh3 h5 35. Rxe4
Nd3 $11 {Navara,D (2646)-Karjakin,S (2727)/Sochi 2008/CBM 126 (1/2, 44). As we
will see, the game move aims to play a3-a4 at a more favourable moment, when ..
.a5 is not available anymore.}) 18... Qd7 {A logical developing move.} ({
It does not make too much sense to play for keeping ...a5 for an option, since
this may cause Black lose his coordination:} 18... Re8 19. Rfc1 c6 20. Ba1 $1 (
20. a4 a5) 20... g5 (20... Qd7 21. a4 g5 22. e3 $1 {[%csl Gf6] ץf6}) 21. Re1
$5 (21. Qc5 g4 22. Nxd4 Na4 23. Qc4 {and now Black can choose between 23...
Nb6= with perpetual attack against the queen and} b5 $5 24. Nxc6 bxc4 25. Nxd8
c3 $44) 21... g4 22. Nd2 {This offers White some chances for an advantage
since the f6-bishop is hanging after the rook has departed from f8.}) 19. Rfc1
c6 20. a4 {Finally, a good moment to play this, but Black can start his
kingside attack already.} f4 $1 $36 {As the subsequent course of the game
proves, White's innovation has failed to improve over the already known games.}
(20... a5 $6 21. bxa5 Rxa5 $2 22. Ba3 $18) 21. b5 cxb5 22. axb5 Nd5 {Playing
for an outright attack.} (22... Rac8 $5 23. Qb3 Nd5 {is also possible, but the
text may be stronger. In certain lines, the rook belongs on d8, defending the
knight.}) 23. Nxd4 Rae8 ({The more active} 23... Qg4 $5 {offers better chances
for an advantage.} 24. Qb3 (24. Nf3 fxg3 25. hxg3 Nf4+ 26. Kg1 Rae8 $40) 24...
Rad8 25. Nf3 Bxb2 (25... fxg3 26. Rc4 Nf4+ 27. Rxf4 Qxf4 28. hxg3 $44 {Black
is less acdtive here than in the end of the main line.}) 26. Qxb2 fxg3 27. Rc4
(27. hxg3 Nf4+ 28. Kg1 Rd5 $40 {/\...Rh5}) (27. fxg3 Nf4+ 28. Kg1 Nxd3 $15)
27... Nf4+ 28. Rxf4 Rxf4 29. hxg3 Rdf8 $15 {In principle, White has
compensation for the exchange, because of his compact kingside structure.
However, the telling factor remains Black's pressure.}) 24. Nf3 Bxb2 25. Qxb2
Qe6 (25... fxg3 26. hxg3 Qg4 $44) 26. Qd4 (26. Rc2 fxg3 27. hxg3 Qg6) 26...
fxg3 27. hxg3 Qxe2 28. Qxd5 Re3 $1 29. Re1 Qxf3+ 30. Qxf3 Rexf3 31. Rb2 Rxd3 (
31... Rxd3 32. Re7 $11) 1/2-1/2

[Event "World-ch Tournament"]
[Site "Mexico City"]
[Date "2007.09.28"]
[Round "13"]
[White "Aronian, Levon"]
[Black "Svidler, Peter"]
[Result "1/2-1/2"]
[WhiteElo "2750"]
[BlackElo "2735"]
[Annotator "Marin,M"]
[PlyCount "91"]
[EventDate "2007.09.13"]
[EventType "tourn"]
[EventRounds "14"]
[EventCountry "MEX"]
[EventCategory "21"]
[SourceTitle "CBM 120"]
[Source "ChessBase"]
[SourceDate "2007.10.02"]
[SourceVersion "1"]
[SourceVersionDate "2007.10.02"]
[SourceQuality "1"]

1. c4 e5 2. Nc3 Nf6 3. Nf3 Nc6 4. g3 Bc5 5. Nxe5 $5 ({This move made part of
Botvinnik's repertoire. The normal continuation is Esta jugada formaba parte
del repertorío de Botvinnik. La continuación normal es} 5. Bg2) 5... Bxf2+ 6.
Kxf2 Nxe5 7. e4 c5 8. h3 ({An alternate plan is to develop the bishop to e2,
abandoning the initial plan. The g2-square will be occupied by the king.} 8.
Be2 d6 9. h3 O-O 10. d3 a6 {A dynamic approach. Black doesn't lose time to
bring his knights closer to the key square d4, but tries to take advantage of
the slight lead in development at once.} (10... Be6 11. Kg2 Nfd7 ({By leaving
the d6 Pawn undefended, Black practically "invites" his opponent to execute
the thematical central push. More solid would have been} 11... Nc6 {[%cal
Yf6d7,Yd7e5] /\Nd7-e5, for example} 12. Bf4 Qe7 13. Qd2 Nd7 14. Rae1 Nde5 $13)
12. d4 $14 cxd4 13. Qxd4 Qc7 ({The exchange of queens would favour White,
since he would not have to care anymore about the safety of his king.} 13...
Qb6 14. Qxb6 Nxb6 15. b3 $16 {><d6}) 14. b3 Rad8 $6 (14... Nc6 15. Qd2 Nc5 $14)
15. Nb5 Qa5 16. Bd2 (16. Qxd6) (16. Nxd6) (16. Qxa7) 16... Qa6 17. Bg5 Rc8 (
17... f6 18. Nc7 $1 $18) 18. Qxd6 $16 {1-0 Chernin,A (2645)-Groszpeter,A (2505)
/AUT 1998/EXT 2000}) 11. Kg2 b5 12. b3 ({Accepting the sacrifice would have
opened lines on the Queen side and left Black with strong compensation:} 12.
cxb5 axb5 13. Nxb5 Qb6 $5 14. Nc3 Be6 {planning Rfb8 and, eventually, d5.
White has no easy way to complete the development of the Queen side, since
b2-b3 is impossible in view of Bxb3!.}) 12... b4 ({Forcing White to make a
decision about his knight. After} 12... bxc4 13. bxc4 {it is not entirely
clear whether Black can get enough play on the open b-file.}) ({but maybe a
move like} 12... Rb8 {would have come into consideration.}) 13. Nd5 Nxd5 14.
exd5 Re8 15. d4 ({In principle, White would have preffered to delay this move,
which creates a perfect square on c5 for the black Knight. Unfortunately,
because of the lack of development, slow play would lead to problems:} 15. Bb2
Qe7 {(/\Nxc4)} 16. Re1 Qd7 17. g4 h5 $1) 15... cxd4 16. Qxd4 Nd7 17. Bf3 Nc5
18. Bb2 Qg5 ({After this natural move, Black gets into trouble. The Queen is
very exposed on g5. Safer would have been} 18... f6 {and the weakness of the
e6 square is not too relevant, since it is well protected. The Queen could be
sent on the other wing, in order to attack Pa2.}) 19. Rae1 Bf5 20. h4 Qh6 21.
Bc1 Qf6 (21... Qg6 22. h5) 22. Qxf6 gxf6 $16 {Volodin,A (2300)-Savchenko,A/
Voronezh 1999/EXT 2000 (1-0, 30)}) 8... O-O ({One game between two legendary
players went} 8... d6 9. d3 h5 $6 {Black weakens his kingside without getting
any attacking chances on this wing.} (9... O-O 10. Bg2 Nfd7 11. Rf1 Nc6 12. Be3
Nde5 13. a3 $6 {This move weakens the queenside, preventing White from
maintaining the tension under favourable circumstances after Black's ...a6
followed by ...b5.} a6 14. Qd2 b5 15. cxb5 axb5 16. Nxb5 Ba6 17. a4 Rb8 18. Kg1
Bxb5 19. axb5 Rxb5 $15 {[%csl Gb2,Gd3] Wirthensohn,H-Friedgood,D/Caorle 1972/
EXT 2001 (0-1, 31)}) 10. Be2 Nh7 11. Kg2 h4 12. g4 Ng5 13. Be3 Bd7 14. Qd2 Ne6
15. b4 {With his kingside securely defended, White is the first to start
active operations on the opposit wing.} b6 16. Rab1 Bc6 17. Rhf1 Bb7 18. Kg1
Nc6 19. Nd5 Ncd4 20. Bd1 f6 21. Kh2 Bc6 22. a4 a5 23. bxa5 bxa5 {Black has
managed to stabilize the queenside, but the open b-file excludes the
possibility of "parking" the king there. On the opposite wing, things do not
look too safe for His Majesty either.} 24. Qf2 Ra7 25. g5 $16 O-O $4 26. g6 f5
27. Rb8 $1 {1-0 Botvinnik,M-Keres,P/Moscow 1966/EXT 2001. Making full use of
the open b-file.}) 9. d3 a6 10. Bg2 b5 {There have been no games where this
queenside action, in the spirit of the Benkö Gambit, has been carried out at
such an early stage. However, we shall see that further transposition to
previous games are possible still.} 11. Rf1 (11. cxb5 $6 axb5 12. Nxb5 $6 Ba6 {
[%csl Gd3]} 13. d4 Nc6 $5) 11... d6 12. Kg1 h6 ({Black is not prepared to
release the tension either:} 12... bxc4 $6 13. dxc4 Nxc4 $2 14. e5 $1 $18) 13.
b3 ({But this prophylaxis was necessary now:} 13. Be3 $2 bxc4 14. dxc4 Nxc4 $17
{[%csl Ge3]}) 13... Be6 14. Be3 Rb8 $146 (14... Nh7 15. Kh2 Qd7 16. Qd2 {
Black's position is quite solid, White's problem is that he cannot carry out
pawn breaks easily.} f6 17. Ne2 Ng5 18. Nf4 Rfe8 19. Rad1 Bf7 20. Rf2 a5 21.
cxb5 Qxb5 22. Ne2 Qb4 23. d4 Qxd2 24. Rxd2 cxd4 25. Nxd4 a4 $132 {Garcia
Palermo,C (2385)-Dzindzichashvili,R (2550)/Buenos Aires 1978/MCD (1/2-1/2, 41).
In this game, a rather different move order has been employed in the move
range 8-14.}) 15. Ne2 Re8 16. Rc1 Bd7 17. Rc2 {White has the pair of bishops
and some advantage of space in the centre. However, Black's stability on dark
squares ensures him a normal game. Las blancas tienen la pareja de alfiles y
ventaja de espacio en el centro. Sin embargo, la estabilidad en casillas
negras les asegura a las negras un juego normal.} bxc4 ({This looks like a
premature release of the tension.} 17... a5 $5 {[%cal Ya5a4] came into
consideration.}) 18. dxc4 $1 {[%csl Gd6][%cal Yd1d6,Yc2d2]} Bc6 19. Nc3 Rb7 20.
Rcf2 Nh7 21. h4 {I am not sure whether preventing the knight jump to g5 is
worth weakening the g4-square. No estoy seguro de si merece la pena debilitar
la casilla de g4 solo para impedir el salto de caballo a g5.} (21. Rd2 Rd7 22.
Nd5 {would have maintained some pressure, although Black's position remains
solid.}) 21... Rbe7 22. Rd2 ({The activation of the bishop with} 22. Bh3 $5 {
would be a logical sequel of the advance of the h-pawn.}) 22... Qa5 23. Qc2 ({
But now, the g4-square is left entirely to Black's mercy, allowing him
toobtain good counterplay. Pero ahora, la casilla de g4 queda enteramente a
disposición de las negras.} 23. Nd5 {would have maintained some pressure.
hubiera mantenido algo de presión.}) 23... Ng4 24. Bf4 Nhf6 25. Re1 (25. Re2
Qc7) 25... d5 $1 26. e5 (26. cxd5 Nxd5 27. Nxd5 Bxd5 $11) 26... Nxe5 27. Rde2
d4 28. Bxe5 Bxg2 29. Bxf6 Rxe2 30. Rxe2 Rxe2 31. Qxe2 gxf6 {The position looks
spectacular, but it will all end with perpetual. [#]La posición parece
bastante espectacular, pero todo acabará en jaque perpetúo.} 32. Qg4+ Kf8 33.
Qc8+ Ke7 34. Kxg2 dxc3 35. Qb7+ Kd8 36. Qd5+ Kc8 37. Qc6+ Kb8 38. Qe8+ Kb7 39.
Qe4+ (39. Qxf7+ $6 Qc7 $1 $17 {[%csl Gc3]}) 39... Kc8 40. Qc6+ Kb8 41. Qe8+ Kb7
42. Qe4+ Kc8 43. Qc2 $5 Qa3 44. Qxc3 (44. Kf3 Qb2 45. Qf5+ $1 $11) 44... Qxa2+
45. Kf3 Qb1 46. Qe3 {It will be Black now who will start checking. Serán las
negras ahora quienes empezarán a jaquear.} 1/2-1/2